| 000 | 06224nam a22005417a 4500 | ||
|---|---|---|---|
| 005 | 20100208094126.0 | ||
| 008 | 100208t xxu||||| |||| 00| 0 hin d | ||
| 010 | _aHIN-88982 | ||
| 020 |
_a9788190809641 _c400.00 |
||
| 035 | _aHN-61328 | ||
| 035 | _aB-398062-082 | ||
| 037 | _bDBAD / PUB | ||
| 037 | _bसामयिक बुक्स | ||
| 040 |
_aDPL _bHN |
||
| 082 | _aउ | ||
| 100 |
_aमुशर्रफ आलम जौकी _922068 |
||
| 245 |
_aसुनामी में विजेता / _cमुशर्रफ आलम जौकी |
||
| 246 |
_aSunaami mein Vijeta _bby Musharraf Alam Joki |
||
| 260 |
_aनई दिल्ली _bसामयिक बुक्स _c2009 |
||
| 270 |
_a3320-21, जटवाड़ा, दरियागंज, एन.एस.मार्ग _bनई दिल्ली _e110002 |
||
| 300 |
_a352पृ _c22सेमी (सजिल्द) |
||
| 650 | _2हिन्दी कथा साहित्य | ||
| 650 | _2Hindi fiction | ||
| 942 |
_2ddc _cHN _mमुशर्र _hउ |
||
| 999 |
_c33728 _d33728 |
||